Music Quiz

Random Music Quiz

Gwen Stefani Songs Quiz Stats

 Plays Quiz not verified by Sporcle

Challenge
Share
Tweet
Embed
Score 0/27 Timer 06:00
0 Plays Today
Album Track Name % Correct
The Sweet EscapeThe Sweet Escape
95.3%
Love.Angel.Music.BabyHollaback Girl
89.5%
Love.Angel.Music.BabyRich Girl
84.5%
Love.Angel.Music.BabyWhat You Waiting For?
83.1%
Love.Angel.Music.BabyCool
82.8%
The Sweet EscapeWind It Up
76.7%
The Sweet Escape4 In The Morning
70.9%
Love.Angel.Music.BabyHarajuku Girls
68.1%
Love.Angel.Music.BabyBubble Pop Electric
66.5%
The Sweet EscapeEarly Winter
65.7%
Love.Angel.Music.BabyLuxurious
63.4%
Love.Angel.Music.BabyCrash
62%
Love.Angel.Music.BabyLong Way To Go
56%
The Sweet EscapeOrange County Girl
56%
Album Track Name % Correct
Love.Angel.Music.BabyThe Real Thing
55.4%
The Sweet EscapeYummy
54.8%
Love.Angel.Music.BabyDanger Zone
54.6%
Love.Angel.Music.BabySerious
53.7%
The Sweet EscapeNow That You Got It
52.1%
The Sweet EscapeWonderful Life
47.9%
The Sweet EscapeBreakin' Up
45.7%
The Sweet EscapeDon't Get It Twisted
42.9%
The Sweet EscapeFluorescent
41.6%
The Sweet EscapeU Started It
38.2%
The Sweet EscapeWind It Up (Live)
12.7%
Love.Angel.Music.BabyThe Real Thing (Wendy And Lisa Slow Jam Mix)
9.1%
Love.Angel.Music.BabyWhat You Waiting For? (Elevator Mix)
6.1%

You're not logged in!

Compare scores with friends on all Sporcle quizzes.
OR
Log In

You Might Also Like...

Show Comments

Extras

Created Aug 4, 2010ReportNominate
Tags:Gwen Stefani

Top Quizzes Today


Score Distribution

Your Account Isn't Verified!

In order to create a playlist on Sporcle, you need to verify the email address you used during registration. Go to your Sporcle Settings to finish the process.

Report this User

Report this user for behavior that violates our Community Guidelines.

Details: